书目信息 |
| 题名: |
超导混频器及其噪声理论
|
|
| 作者: | 冯稷 , 刘安胜 编译 | |
| 分册: | ||
| 出版信息: | 成都 电子科技大学出版社 1989 |
|
| 页数: | 174页 | |
| 开本: | 20cm | |
| 丛书名: | 电子知识提前学丛书 | |
| 单 册: | ||
| 中图分类: | TN773 | |
| 科图分类: | ||
| 主题词: | 噪声--超导混频器--研究 , 超导混频器 , 噪声 | |
| 电子资源: | ||
| ISBN: | 7-81016-126-1 | |
| 000 | 00923oam2 2200301 45 | |
| 001 | 0120062000008 | |
| 005 | 20070110155347.06 | |
| 010 | @a7-81016-126-1@dCNY14.50 | |
| 092 | @aCN@b491646 | |
| 100 | @a20060420e20051989em y0chiy0121 ea | |
| 101 | 0 | @achi |
| 102 | @aCN@b510000 | |
| 105 | @ay z 000yy | |
| 200 | 1 | @a超导混频器及其噪声理论@9chao dao hun pin qi ji qi zao sheng li lun@f冯稷,刘安胜编译 |
| 210 | @a成都@c电子科技大学出版社@d1989@h2005重印 | |
| 215 | @a174页@d20cm | |
| 225 | 2 | @a电子知识提前学丛书 |
| 320 | @a有书目(第171~174页) | |
| 330 | @a本书介绍了SIS混频器的简化理论,量子理论,噪声分析及其现状和前景。 | |
| 461 | 0 | @12001 @a电子知识提前学丛书 |
| 606 | 0 | @a噪声@x超导混频器@x研究 |
| 606 | 0 | @a超导混频器 |
| 606 | 0 | @a噪声 |
| 690 | @aTN773@v4 | |
| 701 | 0 | @a冯稷@9feng ji@4编译 |
| 701 | 0 | @a刘安胜@9liu an sheng@4编译 |
| 801 | 0 | @aCN@bLZJBOOK@c20070110 |
| 905 | @a10447@dTN773@e49 | |
| 超导混频器及其噪声理论/冯稷,刘安胜编译.-成都:电子科技大学出版社,1989(2005重印) |
| 174页;20cm.-(电子知识提前学丛书) |
| ISBN 7-81016-126-1:CNY14.50 |
| 本书介绍了SIS混频器的简化理论,量子理论,噪声分析及其现状和前景。 |
| ● |
| 相关链接 |
|
|
|
|
正题名:超导混频器及其噪声理论
索取号:TN773/49
 
预约/预借
| 序号 | 登录号 | 条形码 | 馆藏地/架位号 | 状态 | 备注 |
| 1 | 0563621 | 205636212 | 第二样本阅览室/ [索取号:TN773/49] | 在馆 | |
| 2 | 0563622 | 205636221 | 第三借阅区/ [索取号:TN773/49] | 在馆 | |
| 3 | 0563623 | 205636230 | 第三借阅区/ [索取号:TN773/49] | 在馆 | |
| 4 | 0563624 | 205636249 | 第三借阅区/ [索取号:TN773/49] | 在馆 | |
| 5 | 0563625 | 205636258 | 第三借阅区/ [索取号:TN773/49] | 在馆 | |
| 6 | 0563626 | 205636267 | 第三借阅区/ [索取号:TN773/49] | 在馆 | |
| 7 | 0563627 | 205636276 | 第三借阅区/ [索取号:TN773/49] | 在馆 | |
| 8 | 0563628 | 205636285 | 第三借阅区/ [索取号:TN773/49] | 在馆 |